000 00846nam a2200241 a 4500
001 75265
003 BD-RjUL
005 20211209082651.0
008 190209s1961 nyua 001 0 eng d
035 _a(BD-RjUL)75483
040 _aBD-RjUL
_beng
_cBD-RjUL
041 _aeng
082 _223
_a598
_bAUB 1961
100 1 _aAustin, Oliver Luther,
_d1903-1988.
_9227952
245 1 0 _aBirds of the world :
_ba survey of the twenty-seven orders and one hundred and fifty-five families /
_cby Oliver L. Austin ; illustrated by Arthur Singer ; edited by Herbert S. Zim.
260 _aNew York :
_bGolden Press,
_c1961.
300 _a316 p. :
_bcol. ill., col. maps ;
_c35 cm.
504 _aIncludes bibliography: p. 308-309.
650 0 _aBirds.
_9227953
700 _aSinger, Arthur.
_9227955
700 _aZim, Herbert S.
_9224448
942 _2ddc
_cBK
999 _c75265
_d75265